| 000 | 00516 a2200181 4500 | ||
|---|---|---|---|
| 003 | OSt | ||
| 005 | 20231213101640.0 | ||
| 008 | 231213b |||||||| |||| 00| 0 eng d | ||
| 020 | _a8130000032 | ||
| 040 | _coclc | ||
| 082 |
_a910 _bKAK/H |
||
| 100 |
_aKakkanadan, Rajan _97848 |
||
| 245 |
_aHimavante Mukalthattil / _cRajan Kakkanadan |
||
| 250 | _a20th ed. | ||
| 260 |
_aKozhikode: _bPoorna Publications, _c2023. |
||
| 300 | _a128p. | ||
| 942 |
_2ddc _cBK _h894.8128 _iKAK/H _k894.8128 _mKAK/H |
||
| 999 |
_c44089 _d44089 |
||